000 00435nam a2200181Ia 4500
001 1531
005 20260306143735.0
008 260306t2002||||xx |||||||||||||| ||spa||
041 _aESP
082 _a150.9
_bA35
100 _aAlarcón, Reynaldo
_eAUT
245 0 _aEstudios sobre psicología latinoamericana
260 _c2002
300 _a219 páginas :
_c20 cm.
650 _aGEN
654 _aCPS
942 _cLIB
_dJUS
_fJUS
_2ddc
_n
999 _c1531
_d1531